| 000 | 00439nam a2200145Ia 4500 | ||
|---|---|---|---|
| 008 | 210210b1978 xxu||||| |||| 00| 0 eng d | ||
| 020 | _a0 86131 085 3 | ||
| 082 | _a330.153 BHAC | ||
| 100 | _aBHARADWAJ (Krishna). | ||
| 245 | _aClassical political economy and rise to dominance of supply and demand theories. | ||
| 260 |
_aCalcutta _bCentre for Studies in Social Sciences _c1978 |
||
| 300 | _a106 | ||
| 690 | _aEconomics | ||
| 906 | _a033935 | ||
| 999 |
_c85002 _d85002 |
||